Tratado sobre los judíos: para el diálogo judeo-cristiano
Salvato in:
| Autore principale: | |
|---|---|
| Natura: | Libro |
| Lingua: | spagnolo |
| Pubblicazione: |
Salamanca
Sígueme
1983
|
| Serie: | Bibliteca de Estudios Bíblicos, 40
|
| Soggetti: | |
| Tags: |
Aggiungi Tag
Nessun Tag, puoi essere il primo ad aggiungerne!!
|
MARC
| LEADER | 00000nam a2200000 a 4500 | ||
|---|---|---|---|
| 001 | UCL2481 | ||
| 003 | CL-VaPUC | ||
| 008 | 031024e19830000SP |||||||||||||||||spa|d | ||
| 020 | |a 8430109129 | ||
| 082 | 0 | 4 | |a 261.26 |b MUS |2 21 |
| 100 | |a Mussner, Franz |e autor |9 478529 | ||
| 245 | 1 | 0 | |a Tratado sobre los judíos: para el diálogo judeo-cristiano |
| 300 | |a 391 p | ||
| 942 | |c BK | ||
| 945 | |d 20031024 00:00:00 |a vberengu | ||
| 260 | |a Salamanca |b Sígueme |c 1983 | ||
| 650 | 0 | |a Judaísmo |9 269348 | |
| 650 | 0 | |a Cristianismo |9 257361 | |
| 583 | |a last modification |c 20031024 00:00:00 |k Rodrigo Vera | ||
| 490 | 0 | |a Bibliteca de Estudios Bíblicos, 40 | |
| 999 | |c 305787 |d 305785 | ||
| 952 | |0 0 |1 0 |4 0 |6 261_260000000000000_MUS_1983 |7 0 |8 A |9 370178 |a BIBTEO |b BIBTEO |d 2019-11-21 |i 2091623 |o 261.26 MUS 1983 |p 2091623 |r 2025-01-17 |w 2019-11-21 |y BK |k ICR | ||